Quiz de maths avancées : dérivées - Statistiques

Statistiques générales
  • Ce quiz a été pris 760 fois
  • Le résultat moyen est 8 sur 10
Statistiques - réponses
Données Réponses % Correct
(12)' 0
98%
(3x)' 3
98%
(ln(x))' 1/x
96%
1/x 1/x^2
93%
(√x)' 1/(2√x)
92%
(x^3)' 3x^2
89%
(x^2-2x-3)' 2x-2
86%
(cos(x))' -sin(x)
83%
(e^x)' e^x
82%
[(x+1)(e^x-x^2)]' (e^x-x^2)+(x+1)(e^x-2x)
22%
Aucun quiz correspondant
Distribution des résultats
% des personnes avec chaque résultat
Percentile par nombre de réponses
Votre historique - résultats
Vous n’avez pas pris ce quiz